000 00683nam a22002057a 4500
005 20130528152113.0
010 _aENG-107043
020 _a9781445444321
_c795.00
035 _aEN-90576
037 _bDBAD/PUB
082 _a577.7
100 _aGilpin, Daniel
245 1 0 _aOcean :
_bdiscover the beauty of our underwater world /
_cby Daniel Gilpin ; edited by Anthony John
260 _aUK
_bParragon Books
_c2011
270 _a Rhythm Book Distributors, Old no. 4, new no. 5, Jeenis Road, Saidapet
_bChennai
_e600015
300 _a256p.:
_c28cm(pbk)
_bcol.ill.
_e1CD-ROM
500 _aIncludes index
700 _aAnthony John
942 _2ddc
_cEN
_h577.7
_mGIL
999 _c75634
_d75634